Statistics for Unpossible Simpsons Trivia Quiz

Click here to take the quiz!

General Stats

  • This quiz has been taken 20,108 times
    (15,108 since last reset)
  • The average score is 7 of 20

Answer Stats

QuestionAnswer% Correct
What did Lisa's Valentine to Ralph say?I {Choo}-{Choo} Choose You
78%
In the song "See My Vest", what kind of animal is Mr. Burns's vest made from?Gorilla
71%
What is the cause of, and solution to, all life's problems?Alcohol
68%
Where did Milhouse's dad work?{Cracker} Factory
55%
Who is Radioactive Man's sidekick?Fallout Boy
52%
What is the name of Patty and Selma's pet iguana?Jub-Jub
48%
What is the name of Homer's bowling team?The Pin Pals
42%
What is the name of Sideshow Bob's brother?Cecil
41%
What reason does Nelson give for wanting to nuke the whales?Gotta Nuke Something
30%
What baseball player drinks too much nerve tonic, causing gigantism?Ken Griffey Jr.
26%
What is Captain Lance Murdoch's profession?Daredevil
26%
Who lives above a bowling alley and below another bowling alley?Frank Grimes
25%
Who has an IQ of 216?Martin Prince
24%
What mountain did Homer try to climb to promote Powersauce bars?The Murderhorn
23%
Who has a leg for an arm and an arm for a leg?Mr. McGreg
22%
In the Simpsons movie, which arcade game does Homer play?Grand Theft {Walrus}
22%
What is the name of Snake's car?Lil' Bandit
21%
What word is perfectly cromulent?Embiggen
21%
What real-life actor is McGarnagle based on?Clint Eastwood
16%
Who is "History's Greatest Monster?"Jimmy Carter
11%

Score Distribution

Percentile by Number Answered

Percent of People with Each Score

Your Score History

You have not taken this quiz since the last reset